Uttararāmacaritam : (Record no. 68209)
[ view plain ]
| 000 -LEADER | |
|---|---|
| fixed length control field | 01176cam a2200289 i 4500 |
| 001 - CONTROL NUMBER | |
| control field | sa 66002196 |
| 003 - CONTROL NUMBER IDENTIFIER | |
| control field | DLC |
| 005 - DATE AND TIME OF LATEST TRANSACTION | |
| control field | 20260227112227.0 |
| 008 - FIXED-LENGTH DATA ELEMENTS--GENERAL INFORMATION | |
| fixed length control field | 811022s1962 ii 000 0 hin |
| 010 ## - LIBRARY OF CONGRESS CONTROL NUMBER | |
| LC control number | sa 66002196 |
| 025 ## - OVERSEAS ACQUISITION NUMBER | |
| Overseas acquisition number | PL480:I-San-478 |
| 040 ## - CATALOGING SOURCE | |
| Original cataloging agency | DLC |
| Transcribing agency | DLC |
| Modifying agency | DLC |
| 041 0# - LANGUAGE CODE | |
| Language code of text/sound track or separate title | hinsan |
| 050 00 - LIBRARY OF CONGRESS CALL NUMBER | |
| Classification number | PK3791.B58 |
| Item number | U723 1962 |
| 100 0# - MAIN ENTRY--PERSONAL NAME | |
| Personal name | Bhavabhūti, |
| Dates associated with a name | active 8th century. |
| 240 10 - UNIFORM TITLE | |
| Uniform title | Uttararāmacarita. |
| Language of a work | Hindi & Sanskrit |
| 245 10 - TITLE STATEMENT | |
| Title | Uttararāmacaritam : |
| Remainder of title | Candrakalā-vidyotinī-vyākhyādvayopetam / |
| Statement of responsibility, etc. | Mahākavibhavabhūtiviracitam ; vyākhyākāraḥ Śrīśeṣarājaśarmā Regmīḥ ; ṭippaṇī (noṭsa) lekhakaḥ Śrīkāntānāthaśāstrī Telangaḥ. |
| 250 ## - EDITION STATEMENT | |
| Edition statement | [4. saṃkaraṇa]. |
| 260 ## - PUBLICATION, DISTRIBUTION, ETC. | |
| Place of publication, distribution, etc. | Vārānạsī : |
| Name of publisher, distributor, etc. | Caukhambā Saṃskr̥ta Sīrīja Āphisa, |
| Date of publication, distribution, etc. | [1962] |
| 300 ## - PHYSICAL DESCRIPTION | |
| Extent | 1 v. (various pagings) ; |
| Dimensions | 19 cm. |
| 490 1# - SERIES STATEMENT | |
| Series statement | Haridāsa Samṣkr̥ta granthamālā ; |
| Volume/sequential designation | 191 |
| 500 ## - GENERAL NOTE | |
| General note | Hindi and Sanskrit; introductory matter and notes in Hindi. |
| 650 #0 - SUBJECT ADDED ENTRY--TOPICAL TERM | |
| Topical term or geographic name entry element | Rāma (Hindu deity) |
| General subdivision | Drama. |
| 700 1# - ADDED ENTRY--PERSONAL NAME | |
| Personal name | Regmi, Sesaraj Sarma. |
| 700 1# - ADDED ENTRY--PERSONAL NAME | |
| Personal name | Telaṅga, Kāntānāthaśāstrī. |
| 830 #0 - SERIES ADDED ENTRY--UNIFORM TITLE | |
| Uniform title | Haridāsa-Saṃskr̥ta-granthamālā ; |
| Volume/sequential designation | 191. |
No items available.